00518nam a2200181 i 450000100060000000300090000600500170001500700030003200800410003510000210007624500870009726000380018430000220022265000220024465000260026670000230029285200210031538762ES-MaACL20250807081259.0t|030226s1929 xxk ||||1| eng d1 aCalverton, V. F.14aThe bankruptcy of marriage / cV. F. Calverton ; introduction by Robert Briffault. aLondon : bJohn Hamilton, c1929. a348 p. ; c19 cm.07aMatrimonio2embne 7aÉtica sexual2embne1 aBriffault, Robert. aES-MaACLjA-3196